[Event "Huddersfield 4NCL Open"]
[Site "Huddersfield"]
[Date "2025.01.17"]
[Round "1.1"]
[White "Patel, Keatan"]
[Black "Gormally, Daniel W"]
[Result "0-1"]
[WhiteElo "2090"]
[BlackElo "2468"]
[PlyCount "60"]
[EventDate "2025.01.17"]
[EventType "swiss"]
[EventRounds "5"]
[EventCountry "ENG"]
[SourceTitle "BritBase"]
[Source "John Saunders"]
[SourceDate "2025.09.16"]
[SourceVersion "1"]
[SourceVersionDate "2025.09.16"]
[SourceQuality "1"]

1. e4 c5 2. Nf3 d6 3. Bb5+ Nd7 4. c3 Ngf6 5. Qe2 a6 6. Ba4 e6 7. O-O Be7 8. d4 cxd4 9. cxd4 b5 10. Bc2 Bb7 11. Rd1 O-O 12. Bd3 Re8 13. a4 b4 14. a5 Nf8 15. Nbd2 Ng6 16. Nf1 Nh5 17. g3 Nf6 18. h4 Qb8 19. Bd2 Bc6 20. Re1 Qb7 21. N3h2 Nf8 22. Ng4 Nxg4 23. Qxg4 Nd7 24. Qe2 Bf6 25. Rac1 Bxd4 26. Bxb4 Qxb4 27. Rxc6 Ne5 28. Rcc1 Bxf2+ 29. Kxf2 Qd4+ 30. Kg2 Nxd3 0-1

[Event "Huddersfield 4NCL Open"]
[Site "Huddersfield"]
[Date "2025.01.17"]
[Round "1.2"]
[White "Kanyamarala, Tarun"]
[Black "Burke, Mitchell R"]
[Result "1-0"]
[WhiteElo "2451"]
[BlackElo "2076"]
[PlyCount "43"]
[EventDate "2025.01.17"]
[EventType "swiss"]
[EventRounds "5"]
[EventCountry "ENG"]
[SourceTitle "BritBase"]
[Source "John Saunders"]
[SourceDate "2025.09.16"]
[SourceVersion "1"]
[SourceVersionDate "2025.09.16"]
[SourceQuality "1"]

1. d4 Nf6 2. c4 g6 3. Nc3 Bg7 4. e4 d6 5. Nf3 O-O 6. Be3 Bg4 7. Be2 a6 8. O-O Nfd7 9. Qd2 c5 10. d5 b5 11. cxb5 Bxf3 12. Bxf3 Qa5 13. bxa6 Nxa6 14. Be2 Rfb8 15. a4 Rb3 16. Bb5 Ra7 17. Qc2 Rb4 18. Rfb1 Nf6 19. h3 Nc7 20. Bc6 Rc4 21. Qd3 Qb4 22. Na2 1-0

[Event "Huddersfield 4NCL Open"]
[Site "Huddersfield"]
[Date "2025.01.17"]
[Round "1.3"]
[White "Henderson, David"]
[Black "Hebden, Mark L"]
[Result "1/2-1/2"]
[WhiteElo "2062"]
[BlackElo "2444"]
[PlyCount "102"]
[EventDate "2025.01.17"]
[EventType "swiss"]
[EventRounds "5"]
[EventCountry "ENG"]
[SourceTitle "BritBase"]
[Source "John Saunders"]
[SourceDate "2025.09.16"]
[SourceVersion "1"]
[SourceVersionDate "2025.09.16"]
[SourceQuality "1"]

1. e4 e5 2. Nf3 Nc6 3. Bb5 a6 4. Ba4 Nf6 5. O-O Be7 6. Re1 b5 7. Bb3 O-O 8. a4 Bb7 9. d3 d6 10. Nbd2 Na5 11. Ba2 c5 12. Nf1 b4 13. c3 Rb8 14. Ng3 Bc8 15. h3 Qc7 16. Be3 Re8 17. Nd2 Be6 18. Bxe6 fxe6 19. c4 Nc6 20. Nb3 Rf8 21. Rf1 Rf7 22. Nh5 Rbf8 23. Qe2 Qd7 24. Nxf6+ Rxf6 25. g3 Qe8 26. Kg2 Qg6 27. Qg4 Qf7 28. Qe2 Rg6 29. Kh2 Bf6 30. f4 exf4 31. gxf4 Bd4 32. Nxd4 Nxd4 33. Bxd4 cxd4 34. Rf2 Qf6 35. Rg1 Qh4 36. Rxg6 hxg6 37. Qf1 g5 38. f5 g4 39. Qg2 gxh3 40. Qg3 Qxg3+ 41. Kxg3 e5 42. Kxh3 Kf7 43. Kg3 Rh8 44. Rh2 Rxh2 45. Kxh2 g6 46. fxg6+ Kxg6 47. Kg2 Kh6 48. Kh2 b3 49. a5 Kg6 50. Kg2 Kf6 51. Kf2 Kg5 1/2-1/2

[Event "Huddersfield 4NCL Open"]
[Site "Huddersfield"]
[Date "2025.01.17"]
[Round "1.4"]
[White "Wells, Peter K"]
[Black "Rich, Aaron"]
[Result "1-0"]
[WhiteElo "2443"]
[BlackElo "2057"]
[PlyCount "77"]
[EventDate "2025.01.17"]
[EventType "swiss"]
[EventRounds "5"]
[EventCountry "ENG"]
[SourceTitle "BritBase"]
[Source "John Saunders"]
[SourceDate "2025.09.16"]
[SourceVersion "1"]
[SourceVersionDate "2025.09.16"]
[SourceQuality "1"]

1. d4 f5 2. Bg5 d5 3. e3 Nf6 4. Bxf6 exf6 5. c4 c6 6. Nc3 Be6 7. cxd5 Bxd5 8. Qc2 g6 9. h4 h5 10. a3 Qa5 11. Nf3 Nd7 12. Nd2 Bd6 13. Bc4 Bb4 14. Nxd5 cxd5 15. Ba2 Bxd2+ 16. Qxd2 Qxd2+ 17. Kxd2 Nb6 18. Rhc1 Kd7 19. Rc5 Rhc8 20. Rac1 Kd6 21. b4 a6 22. Bxd5 Rxc5 23. bxc5+ Kxd5 24. cxb6 f4 25. Rc5+ Ke6 26. Rc7 fxe3+ 27. fxe3 Rb8 28. e4 g5 29. hxg5 fxg5 30. Ke3 h4 31. e5 Kd5 32. Rc5+ Ke6 33. Ke4 Rf8 34. d5+ Kd7 35. Rc7+ Kd8 36. e6 Rf2 37. d6 Re2+ 38. Kf5 g4 39. Rxb7 1-0

[Event "Huddersfield 4NCL Open"]
[Site "Huddersfield"]
[Date "2025.01.17"]
[Round "1.5"]
[White "Rughani, Mahin"]
[Black "Davies, Nigel R"]
[Result "0-1"]
[WhiteElo "2055"]
[BlackElo "2376"]
[PlyCount "122"]
[EventDate "2025.01.17"]
[EventType "swiss"]
[EventRounds "5"]
[EventCountry "ENG"]
[SourceTitle "BritBase"]
[Source "John Saunders"]
[SourceDate "2025.09.16"]
[SourceVersion "1"]
[SourceVersionDate "2025.09.16"]
[SourceQuality "1"]

1. d4 Nf6 2. c4 d6 3. f3 e5 4. d5 Nh5 5. g3 f5 6. e4 g6 7. Bd3 Bg7 8. Ne2 O-O 9. O-O Na6 10. Bc2 f4 11. g4 Nf6 12. a3 g5 13. b4 h5 14. h3 Kf7 15. Rf2 Rh8 16. Nd2 hxg4 17. hxg4 Bxg4 18. Nxf4 exf4 19. fxg4 Nd7 20. Nf3 Bxa1 21. Nxg5+ Kg8 22. Bxf4 Be5 23. Qd2 Qe7 24. Nf7 Bxf4 25. Qxf4 Rf8 26. Nh6+ Rxh6 27. Qxh6 Rxf2 28. Kxf2 Qf8+ 29. Qxf8+ Kxf8 30. Bd3 Ne5 31. Be2 Nb8 32. Kg3 Kf7 33. Kf4 Kg6 34. Bf1 Nbd7 35. g5 b6 36. Be2 a5 37. Bf1 axb4 38. axb4 Nf7 39. c5 bxc5 40. Bb5 Nde5 41. bxc5 Nxg5 42. cxd6 cxd6 43. Be2 Kf6 44. Bf1 Ng6+ 45. Ke3 Ke5 46. Bd3 Nf4 47. Bb1 Nh5 48. Kd3 Nxe4 49. Ba2 Nf4+ 50. Ke3 Nxd5+ 51. Kf3 Kd4 52. Kg4 Ne3+ 53. Kf4 Nc4 54. Kf5 Ned2 55. Ke6 d5 56. Kd7 Kc5 57. Ke6 d4 58. Kf5 Kb4 59. Kf4 Kc3 60. Kf5 d3 61. Kf4 Kb2 0-1

[Event "Huddersfield 4NCL Open"]
[Site "Huddersfield"]
[Date "2025.01.17"]
[Round "1.6"]
[White "Boswell, Jacob Connor"]
[Black "Sasikumar, Srivathsan"]
[Result "1/2-1/2"]
[WhiteElo "2335"]
[BlackElo "2047"]
[PlyCount "145"]
[EventDate "2025.01.17"]
[EventType "swiss"]
[EventRounds "5"]
[EventCountry "ENG"]
[SourceTitle "BritBase"]
[Source "John Saunders"]
[SourceDate "2025.09.16"]
[SourceVersion "1"]
[SourceVersionDate "2025.09.16"]
[SourceQuality "1"]

1. e4 c5 2. Nf3 Nc6 3. Bb5 e6 4. Bxc6 bxc6 5. d3 d5 6. b3 Ne7 7. Qe2 Ng6 8. O-O Be7 9. e5 O-O 10. c4 f6 11. Bb2 d4 12. Bc1 Qc7 13. exf6 Bxf6 14. Re1 e5 15. Nbd2 Bf5 16. Ne4 Be7 17. Qc2 Qd7 18. Ng3 Bd6 19. Nxf5 Rxf5 20. Ng5 Raf8 21. Ne4 Be7 22. Ba3 Nh4 23. Re2 Rh5 24. Ng3 Rh6 25. Bc1 g5 26. f3 Qe6 27. Bd2 Nf5 28. Rae1 Qg6 29. Nf1 Bd6 30. Re4 Ng7 31. Ng3 Ne6 32. Rg4 Qg7 33. Ne4 Be7 34. Nf2 Rg6 35. Rge4 Bd6 36. Bc1 h5 37. Nh1 g4 38. fxg4 hxg4 39. Ng3 Nf4 40. Ne2 Rf7 41. Nxf4 exf4 42. Re8+ Kh7 43. R1e6 f3 44. g3 Rf8 45. Qd2 Rxe8 46. Rxe8 Qf7 47. Re4 Qc7 48. Kf2 Bf8 49. Qe1 Qf7 50. Bf4 Qf5 51. Qd2 Re6 52. Rxe6 Qxe6 53. h3 gxh3 54. Kxf3 Qg6 55. Kf2 Qh5 56. Kg1 Qf3 57. Kh2 Kg6 58. Kg1 Kh5 59. Kh2 Kg4 60. Kg1 Bg7 61. Kh2 a6 62. Kg1 Bf8 63. Kh2 Be7 64. Kg1 Bd8 65. Qf2 Qxd3 66. Qe1 Kf5 67. Qe5+ Kg6 68. Qe8+ Kf5 69. Qd7+ Kg6 70. Qxd8 Qd1+ 71. Kh2 Qe2+ 72. Kxh3 Qf1+ 73. Kh2 1/2-1/2

[Event "Huddersfield 4NCL Open"]
[Site "Huddersfield"]
[Date "2025.01.17"]
[Round "1.7"]
[White "Ter-Gevorkian, Aram"]
[Black "Badacsonyi, Frankie"]
[Result "0-1"]
[WhiteElo "2045"]
[BlackElo "2308"]
[PlyCount "94"]
[EventDate "2025.01.17"]
[EventType "swiss"]
[EventRounds "5"]
[EventCountry "ENG"]
[SourceTitle "BritBase"]
[Source "John Saunders"]
[SourceDate "2025.09.16"]
[SourceVersion "1"]
[SourceVersionDate "2025.09.16"]
[SourceQuality "1"]

1. d4 Nf6 2. e3 e6 3. Nf3 b6 4. b3 Bb7 5. Bd3 c5 6. Nbd2 cxd4 7. exd4 Be7 8. Bb2 d6 9. Qe2 Nbd7 10. c4 O-O 11. O-O Re8 12. Ne4 Nxe4 13. Bxe4 Bxe4 14. Qxe4 d5 15. Qe3 dxc4 16. bxc4 Qc8 17. Rfc1 Bf6 18. Ne5 Bxe5 19. dxe5 Qc7 20. a4 Nc5 21. Rd1 Red8 22. Bd4 Nb7 23. Rdc1 Rac8 24. h3 Qd7 25. Bb2 Qd3 26. Ra3 Qxe3 27. Rxe3 Rd2 28. Ba3 Rd4 29. Rec3 Nc5 30. a5 bxa5 31. Bxc5 Rxc5 32. Rb3 g5 33. Rb7 Rdxc4 34. Rxc4 Rxc4 35. Rxa7 Rc5 36. g4 Rxe5 37. Kg2 Kg7 38. Kg3 Rb5 39. Kf3 Rb3+ 40. Kg2 Ra3 41. Kh2 Ra2 42. Kg3 Kg6 43. Ra8 a4 44. Rg8+ Kf6 45. Rh8 a3 46. Rxh7 Ra1 47. Rh6+ Ke7 0-1

[Event "Huddersfield 4NCL Open"]
[Site "Huddersfield"]
[Date "2025.01.17"]
[Round "1.8"]
[White "Sowray, Peter J"]
[Black "Longson, Sarah N"]
[Result "1-0"]
[WhiteElo "2281"]
[BlackElo "2044"]
[PlyCount "59"]
[EventDate "2025.01.17"]
[EventType "swiss"]
[EventRounds "5"]
[EventCountry "ENG"]
[SourceTitle "BritBase"]
[Source "John Saunders"]
[SourceDate "2025.09.16"]
[SourceVersion "1"]
[SourceVersionDate "2025.09.16"]
[SourceQuality "1"]

1. d4 d5 2. c4 c6 3. Nf3 Nf6 4. Nc3 e6 5. Qd3 Nbd7 6. g3 Bd6 7. Bg2 O-O 8. O-O dxc4 9. Qxc4 Qe7 10. Bf4 Bxf4 11. gxf4 Nd5 12. e3 Qf6 13. Rac1 Ne7 14. Ne4 Qh6 15. Qb4 Nf5 16. Nd6 a5 17. Qa3 Qf6 18. Nxf5 Qxf5 19. Rfd1 f6 20. b3 e5 21. Qd6 exf4 22. d5 Ne5 23. exf4 Qxf4 24. Nxe5 fxe5 25. dxc6 bxc6 26. Bxc6 Qxf2+ 27. Kh1 Bh3 28. Bxa8 Re8 29. Qd5+ Kh8 30. Qf3 1-0

[Event "Huddersfield 4NCL Open"]
[Site "Huddersfield"]
[Date "2025.01.17"]
[Round "1.9"]
[White "Ganti, Shriaansh"]
[Black "Kanyamarala, Trisha"]
[Result "1-0"]
[WhiteElo "2036"]
[BlackElo "2279"]
[PlyCount "83"]
[EventDate "2025.01.17"]
[EventType "swiss"]
[EventRounds "5"]
[EventCountry "ENG"]
[SourceTitle "BritBase"]
[Source "John Saunders"]
[SourceDate "2025.09.16"]
[SourceVersion "1"]
[SourceVersionDate "2025.09.16"]
[SourceQuality "1"]

1. e4 c5 2. Nf3 d6 3. d4 cxd4 4. Nxd4 Nf6 5. Nc3 Nc6 6. Bg5 e6 7. Qd2 a6 8. O-O-O Bd7 9. f4 b5 10. Bxf6 gxf6 11. Kb1 b4 12. Nce2 Qb6 13. f5 e5 14. Nxc6 Bxc6 15. Ng3 h5 16. h4 Qc5 17. Qe2 Bh6 18. Nxh5 Ke7 19. g4 Be3 20. Rh3 Rxh5 21. gxh5 Bf4 22. Qg2 a5 23. Rhd3 Rd8 24. Be2 a4 25. Bf3 a3 26. Qg1 Qa5 27. b3 Bb5 28. Rd5 Qa6 29. Qe1 Bc6 30. Be2 Qb6 31. Qg1 Be3 32. Qg7 Bxd5 33. Rxd5 Qb8 34. Bc4 Rf8 35. Rb5 Qa7 36. Bd5 Bb6 37. h6 Qc7 38. Bc4 Qc6 39. Rd5 Bc5 40. h7 Qe8 41. Rd3 Bf2 42. Bxf7 1-0

[Event "Huddersfield 4NCL Open"]
[Site "Huddersfield"]
[Date "2025.01.17"]
[Round "1.10"]
[White "Raju, Sooraj Menothuparam"]
[Black "Hepworth, Peter"]
[Result "1-0"]
[WhiteElo "2270"]
[BlackElo "2027"]
[PlyCount "113"]
[EventDate "2025.01.17"]
[EventType "swiss"]
[EventRounds "5"]
[EventCountry "ENG"]
[SourceTitle "BritBase"]
[Source "John Saunders"]
[SourceDate "2025.09.16"]
[SourceVersion "1"]
[SourceVersionDate "2025.09.16"]
[SourceQuality "1"]

1. e4 e6 2. d4 d5 3. Nc3 Nf6 4. exd5 exd5 5. Bg5 Be7 6. Qd2 O-O 7. f3 c6 8. Bd3 b5 9. Nge2 a5 10. Ng3 Re8 11. O-O b4 12. Na4 Ba6 13. Rae1 Bxd3 14. Qxd3 Nbd7 15. Nf5 Bf8 16. Qd2 Re6 17. Ng3 Qc7 18. Bf4 Bd6 19. Bxd6 Qxd6 20. Nf5 Qf8 21. Re2 Rae8 22. Rfe1 Rxe2 23. Rxe2 Re6 24. Kf2 g6 25. Qg5 Qe8 26. Re3 Kh8 27. Ng3 Rxe3 28. Qxe3 Qxe3+ 29. Kxe3 Ne8 30. Nf1 Kg7 31. Kd3 Kf6 32. Nd2 Nd6 33. c4 h5 34. c5 Nf5 35. Nb3 Nh4 36. Nxa5 Nb8 37. Nb6 Nxg2 38. Nd7+ Nxd7 39. Nxc6 Nh4 40. Nxb4 Ke6 41. Ke2 Nf5 42. Nc6 Nxc5 43. dxc5 d4 44. Nb4 Ne7 45. Kd3 Ke5 46. a4 Nc8 47. Nc2 f5 48. Nxd4 g5 49. b4 g4 50. fxg4 fxg4 51. b5 h4 52. b6 g3 53. b7 Ne7 54. b8=Q+ Kf6 55. Qf4+ Kg7 56. Qxh4 g2 57. Qxe7+ 1-0

[Event "Huddersfield 4NCL Open"]
[Site "Huddersfield"]
[Date "2025.01.17"]
[Round "1.11"]
[White "Bryant, Harry"]
[Black "Okhai, Shabir"]
[Result "0-1"]
[WhiteElo "2022"]
[BlackElo "2265"]
[PlyCount "162"]
[EventDate "2025.01.17"]
[EventType "swiss"]
[EventRounds "5"]
[EventCountry "ENG"]
[SourceTitle "BritBase"]
[Source "John Saunders"]
[SourceDate "2025.09.16"]
[SourceVersion "1"]
[SourceVersionDate "2025.09.16"]
[SourceQuality "1"]

1. e4 e5 2. Nf3 Nc6 3. d4 exd4 4. Nxd4 Bc5 5. Nb3 Bb6 6. Nc3 Nf6 7. Bg5 h6 8. Bh4 d6 9. Qe2 Be6 10. O-O-O g5 11. Bg3 Qe7 12. Nd5 Bxd5 13. exd5 Qxe2 14. Bxe2 Ne7 15. c4 Ne4 16. Bf3 Nxf2 17. Bxf2 Bxf2 18. Bh5 O-O 19. Rhf1 Be3+ 20. Kc2 f5 21. Nd4 Bxd4 22. Rxd4 Kg7 23. Re1 Ng6 24. Bxg6 Kxg6 25. Re6+ Kg7 26. c5 dxc5 27. Rc4 b6 28. b4 Rae8 29. Rc6 Re2+ 30. Kd3 Re5 31. Rxc7+ Rf7 32. d6 Rd5+ 33. Ke3 Rxd6 34. Rxf7+ Kxf7 35. bxc5 Re6+ 36. Kf3 Rc6 37. Ra4 bxc5 38. Rxa7+ Ke6 39. Ke3 Rb6 40. g3 Kd5 41. Rf7 Re6+ 42. Kd3 c4+ 43. Kc3 Re3+ 44. Kb4 Re2 45. h4 Ke4 46. Re7+ Kf3 47. Rxe2 Kxe2 48. a4 Kd3 49. hxg5 hxg5 50. a5 c3 51. a6 c2 52. a7 c1=Q 53. a8=Q Qe1+ 54. Kb5 Qe5+ 55. Kb6 f4 56. Qa6+ Ke3 57. Qa3+ Kf2 58. gxf4 gxf4 59. Qa2+ Qe2 60. Qf7 f3 61. Qh5 Ke1 62. Qa5+ Kf1 63. Qa1+ Qe1 64. Qa3 Qe6+ 65. Kb7 Qe4+ 66. Kb8 f2 67. Qc1+ Kg2 68. Qg5+ Kf3 69. Qh5+ Kg3 70. Qg5+ Qg4 71. Qe3+ Kg2 72. Qd2 Qg3+ 73. Ka8 Kh2 74. Ka7 Kg1 75. Qd4 Qa3+ 76. Kb7 Kg2 77. Qd2 Qe7+ 78. Ka8 Qe4+ 79. Kb8 Qe5+ 80. Ka8 Kg1 81. Qb4 f1=Q 0-1

[Event "Huddersfield 4NCL Open"]
[Site "Huddersfield"]
[Date "2025.01.17"]
[Round "1.12"]
[White "Townsend, M Paul"]
[Black "Hopkins, Kit W"]
[Result "1-0"]
[WhiteElo "2257"]
[BlackElo "2011"]
[PlyCount "51"]
[EventDate "2025.01.17"]
[EventType "swiss"]
[EventRounds "5"]
[EventCountry "ENG"]
[SourceTitle "BritBase"]
[Source "John Saunders"]
[SourceDate "2025.09.16"]
[SourceVersion "1"]
[SourceVersionDate "2025.09.16"]
[SourceQuality "1"]

1. d4 Nf6 2. c4 c5 3. d5 e6 4. Nc3 exd5 5. cxd5 d6 6. Nf3 g6 7. g3 Bg7 8. Bg2 O-O 9. O-O Re8 10. Bf4 Ne4 11. Nxe4 Rxe4 12. Nd2 Rb4 13. Ne4 f5 14. Ng5 Rxf4 15. gxf4 Bxb2 16. Rb1 Bf6 17. Ne6 Qe7 18. Nxc5 dxc5 19. d6 Qd8 20. Rxb7 Na6 21. Qd5+ Kh8 22. Re7 Bxe7 23. dxe7 Qxd5 24. Bxd5 Nc7 25. Bxa8 Bd7 26. Rd1 1-0

[Event "Huddersfield 4NCL Open"]
[Site "Huddersfield"]
[Date "2025.01.17"]
[Round "1.13"]
[White "Cast, Julian"]
[Black "Mikalajunas, Kajus"]
[Result "0-1"]
[WhiteElo "2005"]
[BlackElo "2214"]
[PlyCount "52"]
[EventDate "2025.01.17"]
[EventType "swiss"]
[EventRounds "5"]
[EventCountry "ENG"]
[SourceTitle "BritBase"]
[Source "John Saunders"]
[SourceDate "2025.09.16"]
[SourceVersion "1"]
[SourceVersionDate "2025.09.16"]
[SourceQuality "1"]

1. d4 d5 2. Nf3 Nf6 3. e3 c5 4. b3 cxd4 5. exd4 Nc6 6. Bd3 Bg4 7. Bb2 e6 8. Nbd2 Bd6 9. h3 Bh5 10. O-O O-O 11. a3 Rc8 12. Qe1 Qb6 13. Rb1 Bf4 14. c3 Rfe8 15. g3 Bxd2 16. Nxd2 e5 17. Bf5 Rcd8 18. Qc1 exd4 19. c4 dxc4 20. Nxc4 Qb5 21. g4 Bg6 22. Bxg6 hxg6 23. Qd1 Ne4 24. Re1 Ng5 25. Rxe8+ Rxe8 26. Kh2 Re1 0-1

[Event "Huddersfield 4NCL Open"]
[Site "Huddersfield"]
[Date "2025.01.17"]
[Round "1.14"]
[White "Astrom, Lars"]
[Black "Booth, Steven B"]
[Result "1-0"]
[WhiteElo "2207"]
[BlackElo "1999"]
[PlyCount "113"]
[EventDate "2025.01.17"]
[EventType "swiss"]
[EventRounds "5"]
[EventCountry "ENG"]
[SourceTitle "BritBase"]
[Source "John Saunders"]
[SourceDate "2025.09.16"]
[SourceVersion "1"]
[SourceVersionDate "2025.09.16"]
[SourceQuality "1"]

1. e4 c6 2. d4 d5 3. exd5 cxd5 4. c4 Nf6 5. Nc3 e6 6. Nf3 Bb4 7. Bd3 dxc4 8. Bxc4 O-O 9. O-O a6 10. a3 Bxc3 11. bxc3 b5 12. Bd3 Bb7 13. Bg5 Nbd7 14. Qe2 Rc8 15. Rfc1 Qa5 16. Bd2 Qa4 17. Bc2 Qc4 18. Qxc4 Rxc4 19. Bd3 Rc7 20. a4 bxa4 21. Rxa4 Rd8 22. Bxa6 Bxa6 23. Rxa6 Ne4 24. c4 Nxd2 25. Nxd2 Nf6 26. Nf3 g5 27. h3 h5 28. Nxg5 Rxd4 29. Ra4 Ne4 30. Nf3 Rd8 31. Ra2 Rdc8 32. Rac2 Rc5 33. Kf1 Kg7 34. Ke2 e5 35. Nd2 Nd6 36. f3 f5 37. Kd3 h4 38. Nb3 R5c6 39. c5 Nb5 40. Ra1 Rd8+ 41. Kc4 Nd4 42. Nxd4 exd4 43. Rd2 d3 44. Ra5 Kf7 45. Rxd3 Rg8 46. Rd2 Ke6 47. Ra7 Rgc8 48. Re2+ Kf6 49. Ra5 Rd8 50. Rb5 Rdc8 51. Kb4 Kg5 52. Kc4 Kf4 53. Kd5 R8c7 54. Rb4+ Kg5 55. Rc2 Rc8 56. Rcc4 R8c7 57. Rb6 1-0

[Event "Huddersfield 4NCL Open"]
[Site "Huddersfield"]
[Date "2025.01.17"]
[Round "1.15"]
[White "Garnett, John S"]
[Black "Burnett, Andrew"]
[Result "0-1"]
[WhiteElo "1994"]
[BlackElo "2206"]
[PlyCount "62"]
[EventDate "2025.01.17"]
[EventType "swiss"]
[EventRounds "5"]
[EventCountry "ENG"]
[SourceTitle "BritBase"]
[Source "John Saunders"]
[SourceDate "2025.09.16"]
[SourceVersion "1"]
[SourceVersionDate "2025.09.16"]
[SourceQuality "1"]

1. d4 Nf6 2. Bg5 d5 3. e3 c5 4. Bxf6 gxf6 5. c4 cxd4 6. Qxd4 Nc6 7. Qxd5 Be6 8. Qxd8+ Rxd8 9. Na3 f5 10. Rd1 Bg7 11. Rxd8+ Kxd8 12. b3 Kc8 13. Ne2 Rd8 14. g3 Nb4 15. Nf4 Nxa2 16. Bg2 Bc3+ 17. Ke2 Bb2 18. Nb5 Nc1+ 19. Kf3 Bd7 20. e4 a6 21. Nc3 Nxb3 22. Ncd5 fxe4+ 23. Kxe4 e6 24. Nb6+ Kc7 25. Nxd7 Rxd7 26. Ke3 Bc1+ 27. Kf3 a5 28. Ne2 Bb2 29. Ke3 a4 30. Rb1 a3 31. f4 Nd2 0-1

[Event "Huddersfield 4NCL Open"]
[Site "Huddersfield"]
[Date "2025.01.17"]
[Round "1.16"]
[White "Larchikov, Maksym"]
[Black "Collinson, Mark I"]
[Result "1-0"]
[WhiteElo "2187"]
[BlackElo "1989"]
[PlyCount "69"]
[EventDate "2025.01.17"]
[EventType "swiss"]
[EventRounds "5"]
[EventCountry "ENG"]
[SourceTitle "BritBase"]
[Source "John Saunders"]
[SourceDate "2025.09.16"]
[SourceVersion "1"]
[SourceVersionDate "2025.09.16"]
[SourceQuality "1"]

1. d4 d5 2. c4 e6 3. Nc3 c5 4. cxd5 exd5 5. Nf3 Nc6 6. e3 Nf6 7. Bb5 Bd7 8. dxc5 Bxc5 9. O-O Qb6 10. Be2 Ne7 11. Na4 Bxa4 12. Qxa4+ Nc6 13. a3 O-O 14. b4 Be7 15. Bb2 Rfe8 16. Rfd1 Ne4 17. Qb3 Rad8 18. Rxd5 Rxd5 19. Qxd5 Nxf2 20. Ng5 Nh3+ 21. Nxh3 Qxe3+ 22. Kf1 Bf6 23. Bh5 Bxb2 24. Bxf7+ Kh8 25. Bxe8 Bxa1 26. Bxc6 Qc1+ 27. Kf2 Qb2+ 28. Kg3 Qe5+ 29. Kg4 h5+ 30. Kh4 bxc6 31. Qxc6 Qe1+ 32. Kxh5 Bf6 33. Kg6 Qb1+ 34. Kf7 Qa2+ 35. Qe6 1-0

[Event "Huddersfield 4NCL Open"]
[Site "Huddersfield"]
[Date "2025.01.17"]
[Round "1.17"]
[White "Keely, Leo A"]
[Black "Chan, Sheng Liang Bernard"]
[Result "0-1"]
[WhiteElo "1959"]
[BlackElo "2178"]
[PlyCount "86"]
[EventDate "2025.01.17"]
[EventType "swiss"]
[EventRounds "5"]
[EventCountry "ENG"]
[SourceTitle "BritBase"]
[Source "John Saunders"]
[SourceDate "2025.09.16"]
[SourceVersion "1"]
[SourceVersionDate "2025.09.16"]
[SourceQuality "1"]

1. e4 c5 2. Nf3 d6 3. d4 cxd4 4. Nxd4 Nf6 5. Nc3 Nc6 6. Bc4 g6 7. f3 Nxd4 8. Qxd4 Bg7 9. Be3 O-O 10. Qd2 Be6 11. Bxe6 fxe6 12. O-O Qa5 13. Bd4 Qb4 14. a3 Nxe4 15. axb4 Nxd2 16. Bxg7 Kxg7 17. Rfe1 Nc4 18. Rxe6 Kf7 19. Re4 Rfc8 20. Rae1 e5 21. f4 Nxb2 22. Nb5 Rxc2 23. Nxd6+ Ke7 24. Nxb7 Nd3 25. Rd1 Nxf4 26. Rxe5+ Kf6 27. Rc5 Rxg2+ 28. Kh1 Rf2 29. Nd6 Kg7 30. h4 Rf3 31. Rc7+ Kg8 32. Ne4 Rf8 33. Ng5 Rg3 34. Rdd7 Nh5 35. Nf7 Nf6 36. Nh6+ Kh8 37. Re7 Rh3+ 38. Kg2 Rxh4 39. Nf7+ Kg8 40. b5 Nd5 41. Nh6+ Rxh6 42. Rg7+ Kh8 43. Rxa7 Ne3+ 0-1

[Event "Huddersfield 4NCL Open"]
[Site "Huddersfield"]
[Date "2025.01.17"]
[Round "1.18"]
[White "McLean, Robert"]
[Black "Burke, Alex"]
[Result "1-0"]
[WhiteElo "2156"]
[BlackElo "1952"]
[PlyCount "45"]
[EventDate "2025.01.17"]
[EventType "swiss"]
[EventRounds "5"]
[EventCountry "ENG"]
[SourceTitle "BritBase"]
[Source "John Saunders"]
[SourceDate "2025.09.16"]
[SourceVersion "1"]
[SourceVersionDate "2025.09.16"]
[SourceQuality "1"]

1. e4 e6 2. d4 d5 3. Nc3 Nf6 4. e5 Nfd7 5. f4 c5 6. Nf3 Nc6 7. Be3 cxd4 8. Nxd4 Qb6 9. Qd2 Qxb2 10. Rb1 Qa3 11. Bb5 Nxd4 12. Bxd4 a6 13. Bxd7+ Bxd7 14. Rb3 Qe7 15. Rxb7 Qd8 16. O-O Rc8 17. Qe3 Qa5 18. Rfb1 Bc5 19. Ne2 Bxd4 20. Nxd4 Qc5 21. f5 exf5 22. e6 Bxe6 23. Rxf7 1-0

[Event "Huddersfield 4NCL Open"]
[Site "Huddersfield"]
[Date "2025.01.17"]
[Round "1.19"]
[White "Cuaresma, Gerald"]
[Black "Varley, Joe"]
[Result "0-1"]
[WhiteElo "1951"]
[BlackElo "2127"]
[PlyCount "54"]
[EventDate "2025.01.17"]
[EventType "swiss"]
[EventRounds "5"]
[EventCountry "ENG"]
[SourceTitle "BritBase"]
[Source "John Saunders"]
[SourceDate "2025.09.16"]
[SourceVersion "1"]
[SourceVersionDate "2025.09.16"]
[SourceQuality "1"]

1. d4 Nf6 2. Bg5 Ne4 3. h4 h6 4. Bf4 c5 5. d5 Qb6 6. Nd2 Qxb2 7. Nxe4 Qb4+ 8. c3 Qxe4 9. e3 e6 10. dxe6 Qxe6 11. Nf3 Nc6 12. Qc2 Be7 13. Bd3 d6 14. Rd1 O-O 15. Be4 Re8 16. Kf1 Bf8 17. Ng5 hxg5 18. Bh7+ Kh8 19. hxg5 g6 20. Bxg6+ Kg8 21. Bh7+ Kg7 22. Rh6 Qc4+ 23. Kg1 Ne5 24. Bxe5+ Rxe5 25. Rg6+ fxg6 26. Qxg6+ Kh8 27. Qh5 Qg4 0-1

[Event "Huddersfield 4NCL Open"]
[Site "Huddersfield"]
[Date "2025.01.17"]
[Round "1.20"]
[White "Ashton, Alannah"]
[Black "Rich, Ben S"]
[Result "1-0"]
[WhiteElo "2100"]
[BlackElo "1940"]
[PlyCount "63"]
[EventDate "2025.01.17"]
[EventType "swiss"]
[EventRounds "5"]
[EventCountry "ENG"]
[SourceTitle "BritBase"]
[Source "John Saunders"]
[SourceDate "2025.09.16"]
[SourceVersion "1"]
[SourceVersionDate "2025.09.16"]
[SourceQuality "1"]

1. e4 c5 2. Nf3 d6 3. d4 cxd4 4. Nxd4 Nf6 5. Nc3 e6 6. g4 a6 7. g5 Nfd7 8. h4 Nc6 9. Be3 Qc7 10. f4 Nxd4 11. Qxd4 b5 12. O-O-O Bb7 13. h5 Rc8 14. Rh2 Qc5 15. Qd2 Qc7 16. g6 hxg6 17. hxg6 Rxh2 18. gxf7+ Kxf7 19. Qxh2 b4 20. Qh5+ g6 21. Qh7+ Bg7 22. f5 Nf8 23. fxe6+ Nxe6 24. Bh3 Nf8 25. Rf1+ Ke8 26. Rxf8+ Kxf8 27. Bxc8 bxc3 28. Bh6 cxb2+ 29. Kb1 Bxc8 30. Qh8+ Ke7 31. Qxg7+ Kd8 32. Bg5+ 1-0